| 000 | 00506nam a2200169Ia 4500 | ||
|---|---|---|---|
| 003 | LK-CoDNM | ||
| 008 | 010623t1983 xxu||||| |||| 00| 1 sin d | ||
| 040 |
_aLK-CoDNM _dLK-CoDNM _eLK-CoDNM |
||
| 041 | _asin | ||
| 080 | _a(x)378(5) | ||
| 245 | _aසෞන්ද්රය අධ්යන ආයතනය-අත්පොත | ||
| 246 | _aSaundarya adhyana aayathanaya : athpotha | ||
| 260 |
_bUniversity of Kelaniya _aSri Lanka _c1983 |
||
| 300 | _b38, 18.5 cm | ||
| 650 | _aEducation | ||
| 942 | _cBK | ||
| 999 |
_c112357 _d112357 |
||